| 000 | 00624nam a2200205 a 4500 | ||
|---|---|---|---|
| 005 | 20240808063715.0 | ||
| 008 | 991125s1976 ea 000 0 eng u | ||
| 020 | _a0333235436 | ||
| 035 | _aUPN01000032538 | ||
| 049 | _aCG | ||
| 050 | 4 |
_aHA33 _bB4.3 |
|
| 100 | 1 | _aBennett, Spencer | |
| 245 | 1 | 3 |
_aAn introduction to multivariate techniques for social and behavioral sciences / _cSpencer Bennett and David Bowers. |
| 260 |
_aLondon : _bMacMillan, _c1976. |
||
| 300 | _a156 p. | ||
| 650 | 4 |
_aEstadÃstica _92988 |
|
| 650 | 4 |
_aCIENCIAS SOCIALES - _vESTADISTICA _910430 |
|
| 700 | 1 |
_aBowers, David, _ecoaut. |
|
| 905 | _aLibro | ||
| 999 |
_c32538 _d32538 |
||